Vývoj a špecifiká krízového manažmentu v ekonomike

Krízové situácie v makroprostredí. Špekulatívne využitie transféru rizika. Fázy procesu riešenia krízy v podniku.

Salvato in:
Dettagli Bibliografici
Autore principale: Kelíšek, Alexander
Altri autori: Kučák, Marek
Natura: Capitolo di libro
Lingua:slovacco
Soggetti:
Tags: Aggiungi Tag
Nessun Tag, puoi essere il primo ad aggiungerne!!

MARC

LEADER 00000naa a2200000 4500
001 0143547
005 20231204133126.3
041 0 |a slo 
044 |a SK 
245 1 0 |a Vývoj a špecifiká krízového manažmentu v ekonomike  |c Alexander Kelíšek, Marek Kučák 
520 |a Krízové situácie v makroprostredí. Špekulatívne využitie transféru rizika. Fázy procesu riešenia krízy v podniku. 
610 2 0 |a manažment krízový 
610 2 0 |a kríza podniku 
610 2 0 |a prostredie ekonomické 
610 2 0 |a makroekonomika 
610 2 0 |a mikroekonomika 
610 2 0 |a riadenie podnikové 
100 1 |a Kelíšek, Alexander 
700 1 |a Kučák, Marek